000 00209nam a2200097Ia 4500
008 190216s9999||||xx |||||||||||||| ||und||
100 _aRadhakrishnan C
245 0 _aDdeep
260 _bCurrent Books
942 _cBK
999 _c1001
_d1001